[Event "Voronezh op-B 20th"]
[Site "Voronezh"]
[Date "2016.06.15"]
[Round "4"]
[White "Koshil, Tikhon Stepanovich"]
[Black "Gritsenko, Vladimir"]
[Result "0-1"]
[WhiteElo "1959"]
[BlackElo "2057"]
[PlyCount "102"]
[EventDate "2016.06.12"]
[EventType "swiss"]
[EventRounds "9"]
[EventCountry "RUS"]
[SourceTitle "EXT 2017"]
[Source "ChessBase"]
[SourceDate "2016.10.25"]
[SourceVersion "1"]
[SourceVersionDate "2016.10.25"]
[SourceQuality "1"]

1. d4 Nf6 2. c4 g6 3. Nc3 Bg7 4. e4 d6 5. Bg5 c5 6. d5 h6 7. Bd2 0-0 8. Be2 e6 9. Nf3 exd5 10. exd5 Bf5 11. 0-0 Ne4 12. Nxe4 Bxe4 13. Qb3 Qc7 14. Ne1 Re8 15. Bd1 Bf5 16. g4 Bc8 17. Ng2 Nd7 18. Bc2 Nf6 19. f3 Bd7 20. h4 b5 21. g5 Nh5 22. Bc3 Bxc3 23. Qxc3 hxg5 24. hxg5 Ng3 25. Kf2 b4 26. Qb3 Nxf1 27. Rxf1 Qd8 28. f4 Qe7 29. Qf3 Qf8 30. Kg3 Qg7 31. Rf2 Qd4 32. b3 Kg7 33. f5 Re5 34. fxg6 Rxg5+ 35. Kh2 Rh8+ 36. Kg1 f5 37. Qe2 Re8 38. Qd2 Qxd2 39. Rxd2 Rxg6 40. Kf2 Rh8 41. Re2 Kf6 42. Kf1 Re8 43. Rf2 Re5 44. Nh4 Rg4 45. Nf3 Re3 46. Nh2 Rd4 47. Kg2 Rc3 48. Nf3 Rg4+ 49. Kf1 Rf4 50. Kg2 Rfxf3 51. Rxf3 Rxc2+ 0-1

[Event "Voronezh Regional-ch"]
[Site "Voronezh"]
[Date "2014.12.10"]
[Round "5"]
[White "Atanazevich, Yury"]
[Black "Gritsenko, Vladimir"]
[Result "1-0"]
[WhiteElo "2045"]
[BlackElo "2264"]
[PlyCount "55"]
[EventDate "2014.12.05"]
[EventType "swiss"]
[EventRounds "9"]
[EventCountry "RUS"]
[SourceTitle "CBM 164 Extra"]
[Source "ChessBase"]
[SourceDate "2015.03.02"]
[SourceVersion "1"]
[SourceVersionDate "2015.03.02"]
[SourceQuality "1"]

1. Nf3 g6 2. c4 Bg7 3. g3 c5 4. Bg2 Nc6 5. Nc3 e6 6. 0-0 d5 7. cxd5 exd5 8. d4 Nxd4 9. Nxd4 cxd4 10. Nxd5 Ne7 11. Bg5 f6 12. Nxf6+ Kf7 13. Nd5 Re8 14. Bxe7 Rxe7 15. Nxe7 Qxe7 16. Qb3+ Be6 17. Bd5 Bxd5 18. Qxd5+ Kf8 19. Rac1 Rd8 20. Qc5 Rd6 21. Qxa7 d3 22. Qb8+ Kf7 23. exd3 Rd8 24. Qf4+ Kg8 25. Rfe1 Qd7 26. Rc7 Qd5 27. Rxg7+ Kxg7 28. Re7+ 1-0

[Event "Voronezh Regional-ch"]
[Site "Voronezh"]
[Date "2014.12.09"]
[Round "4"]
[White "Artemov, Nikita"]
[Black "Gritsenko, Vladimir"]
[Result "1-0"]
[WhiteElo "2053"]
[BlackElo "2264"]
[PlyCount "65"]
[EventDate "2014.12.05"]
[EventType "swiss"]
[EventRounds "9"]
[EventCountry "RUS"]
[SourceTitle "CBM 164 Extra"]
[Source "ChessBase"]
[SourceDate "2015.03.02"]
[SourceVersion "1"]
[SourceVersionDate "2015.03.02"]
[SourceQuality "1"]

1. e4 d5 2. exd5 Nf6 3. d4 Qxd5 4. Nc3 Qd6 5. Nf3 c6 6. Ne5 Nbd7 7. Bf4 Nxe5 8. Bxe5 Qb4 9. a3 Qa5 10. Qf3 Be6 11. Bd3 Nd5 12. 0-0 f6 13. Bg3 Nxc3 14. bxc3 Qd5 15. Be4 Qd7 16. Rab1 Rc8 17. Qd3 f5 18. Bf3 b5 19. Rfe1 g6 20. Qe3 Bc4 21. Be5 Rg8 22. h4 Bd5 23. Be2 e6 24. c4 bxc4 25. Rb2 c5 26. Reb1 cxd4 27. Bxd4 Bd6 28. Bf3 Qc6 29. Rb7 f4 30. Qe2 Rc7 31. Bxd5 Qxd5 32. R1b5 Qxd4 33. Qxe6+ 1-0

[Event "Voronezh-ch"]
[Site "Voronezh"]
[Date "2014.11.01"]
[Round "5"]
[White "Klimentov, Roman"]
[Black "Gritsenko, Vladimir"]
[Result "1/2-1/2"]
[WhiteElo "2250"]
[BlackElo "2229"]
[PlyCount "47"]
[EventDate "2014.10.28"]
[EventType "tourn"]
[EventRounds "9"]
[EventCountry "RUS"]
[SourceTitle "CBM 163 Extra"]
[Source "ChessBase"]
[SourceDate "2014.12.23"]
[SourceVersion "1"]
[SourceVersionDate "2014.12.23"]
[SourceQuality "1"]

1. e4 c5 2. Nf3 Nf6 3. e5 Nd5 4. Nc3 Nxc3 5. dxc3 e6 6. Bf4 b6 7. Be2 Bb7 8. 0-0 Nc6 9. Qd2 Qc7 10. Rad1 h6 11. Bg3 g5 12. Ne1 0-0-0 13. f4 Bg7 14. fxg5 Bxe5 15. Rxf7 Bxg3 16. hxg3 hxg5 17. Qxg5 Qe5 18. Qxe5 Nxe5 19. Rg7 Rhg8 20. Rxg8 Rxg8 21. Kf2 Rf8+ 22. Ke3 Rg8 23. Kf2 Rf8+ 24. Ke3 1/2-1/2

[Event "Voronezh CC-ch"]
[Site "Voronezh"]
[Date "2014.10.25"]
[Round "8"]
[White "Gritsenko, Vladimir"]
[Black "Vinogradov, Anatoly"]
[Result "1-0"]
[WhiteElo "2229"]
[BlackElo "2139"]
[PlyCount "81"]
[EventDate "2014.10.17"]
[EventType "swiss"]
[EventRounds "9"]
[EventCountry "RUS"]
[SourceTitle "CBM 163 Extra"]
[Source "ChessBase"]
[SourceDate "2014.12.23"]
[SourceVersion "1"]
[SourceVersionDate "2014.12.23"]
[SourceQuality "1"]

1. e4 e6 2. d3 d5 3. Qe2 dxe4 4. dxe4 e5 5. Nf3 Nc6 6. c3 Nf6 7. Qc2 Bd6 8. Nbd2 0-0 9. Be2 Qe7 10. 0-0 a5 11. Nc4 Bc5 12. Bg5 b6 13. Ne3 Bxe3 14. Bxe3 Bb7 15. Nd2 Rad8 16. a3 Qe6 17. f3 Rd7 18. Bb5 Rdd8 19. Rfd1 h6 20. b4 Na7 21. Ba4 Nc6 22. Bb3 Qe7 23. Bc4 axb4 24. axb4 Ra8 25. Nf1 h5 26. Bg5 Rxa1 27. Rxa1 Ra8 28. Rxa8+ Bxa8 29. Ne3 Qf8 30. Bxf6 gxf6 31. Qa2 Bb7 32. Nf5 Nd8 33. Qd2 Bc8 34. Ng3 Qd6 35. Qxd6 cxd6 36. Nxh5 f5 37. exf5 Bb7 38. Kf2 Kf8 39. Nf6 Bc6 40. g4 Kg7 41. g5 1-0

[Event "Voronezh CC-ch"]
[Site "Voronezh"]
[Date "2014.10.21"]
[Round "4"]
[White "Lukovnikov, Alexander"]
[Black "Gritsenko, Vladimir"]
[Result "0-1"]
[WhiteElo "2252"]
[BlackElo "2229"]
[PlyCount "94"]
[EventDate "2014.10.17"]
[EventType "swiss"]
[EventRounds "9"]
[EventCountry "RUS"]
[SourceTitle "CBM 163 Extra"]
[Source "ChessBase"]
[SourceDate "2014.12.23"]
[SourceVersion "1"]
[SourceVersionDate "2014.12.23"]
[SourceQuality "1"]

1. e4 c5 2. Nf3 e6 3. d4 cxd4 4. Nxd4 Nc6 5. Nc3 Qc7 6. Be3 a6 7. Bd3 Nf6 8. 0-0 Nxd4 9. Bxd4 Bc5 10. Bxc5 Qxc5 11. Qe2 d6 12. Kh1 e5 13. Bc4 Be6 14. Bb3 0-0 15. Rad1 Rac8 16. Rd2 Rfd8 17. Rfd1 Kh8 18. h3 h6 19. Qf3 b5 20. Ne2 Rc7 21. Ng3 Kg8 22. Nf5 Bxf5 23. Qxf5 Qc6 24. Re2 a5 25. a3 Qd7 26. Qf3 Rc5 27. c3 Qc6 28. Qe3 Kf8 29. Red2 Qc7 30. Bd5 Rb8 31. f4 exf4 32. Qxf4 Re8 33. Rd4 Qe7 34. Bb3 Re5 35. Bc2 Rd8 36. a4 bxa4 37. Rxa4 Rb8 38. b3 Rc8 39. Qd2 Rc6 40. b4 Qc7 41. Bb1 Ne8 42. Qa2 Rxc3 43. bxa5 Rc1 44. Rxc1 Qxc1+ 45. Kh2 Rb5 46. Bd3 Rb2 47. Qc4 Qf4+ 0-1

[Event "Voronezh Zagorovsky Memorial"]
[Site "Voronezh"]
[Date "2014.07.04"]
[Round "4"]
[White "Kovalenko, Sergey"]
[Black "Gritsenko, Vladimir"]
[Result "1-0"]
[WhiteElo "2128"]
[BlackElo "2224"]
[PlyCount "72"]
[EventDate "2014.07.01"]
[EventType "swiss"]
[EventRounds "9"]
[EventCountry "RUS"]
[SourceTitle "CBM 161 Extra"]
[Source "ChessBase"]
[SourceDate "2014.08.29"]
[SourceVersion "1"]
[SourceVersionDate "2014.08.29"]
[SourceQuality "1"]

1. d4 Nf6 2. c4 g6 3. Nc3 Bg7 4. e4 d6 5. Be2 0-0 6. g4 c5 7. g5 Nfd7 8. d5 Re8 9. f4 e6 10. Nf3 exd5 11. cxd5 Nb6 12. Kf2 Bg4 13. Bd2 Nc8 14. Kg3 Bh5 15. Qc2 Ne7 16. Bd3 Na6 17. a3 Qd7 18. h3 Nc7 19. Rae1 b5 20. b3 b4 21. axb4 cxb4 22. Ne2 Bxf3 23. Kxf3 Na6 24. Ng3 Rac8 25. Qb1 Qb7 26. Rh2 Nc5 27. Rhe2 a5 28. f5 Be5 29. f6 Qd7 30. Kg2 Nxd3 31. Qxd3 Nf5 32. Nxf5 gxf5 33. Rf1 a4 34. bxa4 Qa7 35. Bxb4 f4 36. Rfe1 Qd7 1-0

[Event "Voronezh op-A 18th"]
[Site "Voronezh"]
[Date "2014.06.13"]
[Round "2"]
[White "Gritsenko, Vladimir"]
[Black "Grigoriants, Sergey"]
[Result "0-1"]
[WhiteElo "2232"]
[BlackElo "2595"]
[PlyCount "70"]
[EventDate "2014.06.12"]
[EventType "swiss"]
[EventRounds "9"]
[EventCountry "RUS"]
[SourceTitle "CBM 160 Extra"]
[Source "ChessBase"]
[SourceDate "2014.07.01"]
[SourceVersion "1"]
[SourceVersionDate "2014.07.01"]
[SourceQuality "1"]

1. c4 Nf6 2. Nc3 e5 3. Nf3 Nc6 4. d3 d5 5. cxd5 Nxd5 6. e4 Nf6 7. Be2 Bc5 8. 0-0 0-0 9. Be3 Bb6 10. Na4 Bg4 11. Nc5 Nd7 12. Nb3 Re8 13. Rc1 Nf8 14. Nc5 Bxc5 15. Rxc5 Ne6 16. Rc3 Qf6 17. h3 Bh5 18. g3 Rad8 19. Ne1 Bg6 20. Bf3 Ned4 21. Bg2 Qe6 22. f4 exf4 23. Bxf4 Qxa2 24. Rf2 Qa5 25. Nf3 Nxf3+ 26. Bxf3 Bxe4 27. Ra3 Bxf3 28. Qxf3 Qe1+ 29. Rf1 Qe7 30. Ra4 f6 31. Rc4 Qd7 32. b4 a6 33. g4 Qxd3 34. Qxd3 Rxd3 35. Bxc7 Rxh3 0-1

[Event "Voronezh Region-ch"]
[Site "Voronezh"]
[Date "2013.12.05"]
[Round "3"]
[White "Shtyka, Sergey"]
[Black "Gritsenko, Vladimir"]
[Result "1-0"]
[WhiteElo "2299"]
[BlackElo "2257"]
[PlyCount "125"]
[EventDate "2013.12.03"]
[EventType "swiss"]
[EventRounds "9"]
[EventCountry "RUS"]
[SourceTitle "CBM 158 Extra"]
[Source "ChessBase"]
[SourceDate "2014.02.28"]
[SourceVersion "1"]
[SourceVersionDate "2014.02.28"]
[SourceQuality "1"]

1. Nf3 Nf6 2. c4 a6 3. Nc3 c5 4. e3 e6 5. d4 d5 6. b3 Nc6 7. Bb2 cxd4 8. Nxd4 Qa5 9. Nxc6 bxc6 10. Qd2 Bb7 11. Ne4 Qxd2+ 12. Nxd2 Bd6 13. Be2 a5 14. 0-0 Ke7 15. Nf3 a4 16. b4 a3 17. Bxf6+ Kxf6 18. c5 Be7 19. Rab1 Rhb8 20. Nd4 e5 21. Nc2 Bc8 22. f4 Bf5 23. fxe5+ Kg6 24. Rxf5 Kxf5 25. Nd4+ Ke4 26. Bf3+ Kxe5 27. Nxc6+ Ke6 28. Nxe7 Kxe7 29. Bxd5 Ra5 30. Rb3 Ra4 31. b5 Ra5 32. Bc4 Rc8 33. c6 Kd6 34. Bxf7 Rf8 35. Bc4 Kc5 36. Be2 Kb6 37. Rc3 Ra7 38. Rd3 Raf7 39. Rxa3 Ra7 40. Rd3 Rxa2 41. Bf3 Rf7 42. Rd7 Rxd7 43. cxd7 Kc7 44. Bc6 Rb2 45. h4 Kd8 46. Kh2 Rb3 47. e4 h5 48. Kg1 Rb2 49. Kf1 Ke7 50. e5 Rb4 51. g3 Rb3 52. Kf2 Rc3 53. e6 Rb3 54. Kg2 Kd8 55. Kf2 Ke7 56. Ke2 Rxg3 57. b6 Rb3 58. b7 g6 59. Kd2 Rb6 60. Kd3 Rb4 61. Kc3 Rb6 62. Kd4 Rb1 63. Kc5 1-0

[Event "Voronezh Region-ch"]
[Site "Voronezh"]
[Date "2013.12.03"]
[Round "1"]
[White "Raetsky, Alexander"]
[Black "Gritsenko, Vladimir"]
[Result "1/2-1/2"]
[WhiteElo "2433"]
[BlackElo "2257"]
[PlyCount "93"]
[EventDate "2013.12.03"]
[EventType "swiss"]
[EventRounds "9"]
[EventCountry "RUS"]
[SourceTitle "CBM 158 Extra"]
[Source "ChessBase"]
[SourceDate "2014.02.28"]
[SourceVersion "1"]
[SourceVersionDate "2014.02.28"]
[SourceQuality "1"]

1. d4 Nf6 2. c4 c5 3. d5 e5 4. Nc3 d6 5. e4 g6 6. Be2 h5 7. f4 Bh6 8. fxe5 Bxc1 9. Qxc1 dxe5 10. Nf3 Nfd7 11. 0-0 f6 12. Qe3 a6 13. Rad1 b6 14. d6 Bb7 15. Rf2 Nf8 16. Nh4 Nbd7 17. Qg3 Kf7 18. Rdf1 Qb8 19. Qd3 Ne6 20. Nd5 Bxd5 21. Qxd5 Qe8 22. Rxf6+ Nxf6 23. Qb7+ Kg8 24. Rxf6 Nf4 25. d7 Qd8 26. Rxf4 exf4 27. Nxg6 Rh6 28. Ne7+ Kh7 29. Nc6 Rxc6 30. Qxc6 Ra7 31. Bxh5 Qxd7 32. Qg6+ Kh8 33. Qh6+ Kg8 34. Qg5+ Qg7 35. Qxf4 Re7 36. h3 Qxb2 37. Qg5+ Qg7 38. Qd5+ Kh8 39. Bf3 Qd4+ 40. Kh2 Qe5+ 41. Qxe5+ Rxe5 42. Kg3 Kg7 43. Kf4 Kf6 44. g4 b5 45. h4 Re8 46. g5+ Kg7 47. e5 1/2-1/2

[Event "Voronezh Region Senior -ch op"]
[Site "Voronezh"]
[Date "2012.11.22"]
[Round "3.3"]
[White "Filippov, Vladimir Mikhailovi"]
[Black "Gritsenko, Vladimir"]
[Result "0-1"]
[WhiteElo "1965"]
[BlackElo "2280"]
[PlyCount "56"]
[EventDate "2012.11.20"]
[EventType "swiss"]
[EventRounds "8"]
[EventCountry "RUS"]
[SourceTitle "EXT 2022"]
[Source "ChessBase"]
[SourceDate "2021.10.06"]
[SourceVersion "1"]
[SourceVersionDate "2021.10.06"]
[SourceQuality "1"]

1. d4 Nf6 2. c4 e6 3. Nc3 Bb4 4. Qc2 c5 5. a3 Bxc3+ 6. Qxc3 cxd4 7. Qxd4 Nc6 8. Qc3 d5 9. Nf3 d4 10. Qc2 e5 11. g3 0-0 12. b4 Re8 13. Bb2 e4 14. Nh4 d3 15. Qc3 dxe2 16. Bxe2 Bh3 17. g4 e3 18. f3 Ne5 19. Nf5 Bg2 20. Rg1 Nxf3+ 21. Bxf3 Bxf3 22. g5 Nh5 23. Nxe3 Qd7 24. Rg3 Rxe3+ 25. Qxe3 Nxg3 26. hxg3 Re8 27. Be5 f6 28. Qxf3 Rxe5+ 0-1

[Event "Voronezh Region Senior -ch op"]
[Site "Voronezh"]
[Date "2012.11.21"]
[Round "2.6"]
[White "Gritsenko, Vladimir"]
[Black "Smirnov, Vyacheslav"]
[Result "1-0"]
[WhiteElo "2280"]
[BlackElo "1586"]
[PlyCount "49"]
[EventDate "2012.11.20"]
[EventType "swiss"]
[EventRounds "8"]
[EventCountry "RUS"]
[SourceTitle "EXT 2022"]
[Source "ChessBase"]
[SourceDate "2021.10.06"]
[SourceVersion "1"]
[SourceVersionDate "2021.10.06"]
[SourceQuality "1"]

1. e4 d6 2. d4 Nf6 3. Nc3 e6 4. f4 Be7 5. Nf3 a6 6. Bd3 c6 7. 0-0 Nbd7 8. e5 dxe5 9. fxe5 Nd5 10. Ne4 0-0 11. Neg5 g6 12. Qe1 Kg7 13. Qh4 h5 14. Qg3 Qe8 15. Nh4 Bxg5 16. Qxg5 Rh8 17. Bd2 Qe7 18. Qg3 Qe8 19. c4 Ne7 20. Bg5 Ng8 21. Rf2 Nh6 22. Raf1 Rf8 23. Bxh6+ Kxh6 24. Rxf7 g5 25. Rh7# 1-0

[Event "Voronezh-ch"]
[Site "Voronezh"]
[Date "2012.10.27"]
[Round "8"]
[White "Gritsenko, Vladimir"]
[Black "Polyansky, Viktor"]
[Result "1-0"]
[WhiteElo "2280"]
[BlackElo "1977"]
[PlyCount "55"]
[EventDate "2012.10.19"]
[EventType "swiss"]
[EventRounds "9"]
[EventCountry "RUS"]
[SourceTitle "EXT 2013"]
[Source "ChessBase"]
[SourceDate "2012.11.22"]
[SourceVersion "1"]
[SourceVersionDate "2012.11.22"]
[SourceQuality "1"]

1. b3 Nf6 2. Bb2 d6 3. g3 c5 4. Bg2 Nc6 5. c4 e6 6. Nf3 Be7 7. 0-0 0-0 8. d4 Qc7 9. d5 Ne5 10. Ne1 exd5 11. cxd5 Ned7 12. e4 c4 13. Nd2 cxb3 14. Nxb3 b6 15. Rc1 Nc5 16. e5 Ne8 17. f4 Ba6 18. Rf2 Rd8 19. e6 fxe6 20. Nd4 e5 21. Ne6 Nxe6 22. Rxc7 N6xc7 23. Nd3 e4 24. Bxe4 Nf6 25. Bf3 Bb7 26. Rc2 Na6 27. Qe2 h6 28. Qxe7 1-0

[Event "Voronezh-ch"]
[Site "Voronezh"]
[Date "2012.10.26"]
[Round "7"]
[White "Timchenko, Aleksandr"]
[Black "Gritsenko, Vladimir"]
[Result "0-1"]
[WhiteElo "1703"]
[BlackElo "2280"]
[PlyCount "76"]
[EventDate "2012.10.19"]
[EventType "swiss"]
[EventRounds "9"]
[EventCountry "RUS"]
[SourceTitle "EXT 2013"]
[Source "ChessBase"]
[SourceDate "2012.11.22"]
[SourceVersion "1"]
[SourceVersionDate "2012.11.22"]
[SourceQuality "1"]

1. e4 c5 2. c3 Nf6 3. e5 Nd5 4. d4 cxd4 5. cxd4 e6 6. Nf3 d6 7. Nc3 Nxc3 8. bxc3 dxe5 9. Nxe5 Nd7 10. Bb5 a6 11. Ba4 Bd6 12. Bf4 Qc7 13. 0-0 0-0 14. Nxd7 Bxd7 15. Bxd6 Qxd6 16. Bb3 Rfd8 17. f4 Rac8 18. Rc1 g6 19. Kh1 Bc6 20. Qg4 Bd5 21. f5 exf5 22. Rxf5 Bxb3 23. axb3 Qxd4 24. Qxd4 Rxd4 25. Rxf7 Kxf7 26. Rf1+ Ke6 27. cxd4 Rc3 28. Rb1 Kd5 29. h3 Kxd4 30. b4 Kc4 31. Re1 Kxb4 32. Re7 b5 33. Rxh7 a5 34. Rh6 Rc6 35. h4 a4 36. h5 Rc1+ 37. Kh2 gxh5 38. Rxh5 a3 0-1

[Event "Voronezh-ch"]
[Site "Voronezh"]
[Date "2012.10.24"]
[Round "5"]
[White "Popov, Kirill"]
[Black "Gritsenko, Vladimir"]
[Result "1-0"]
[WhiteElo "2049"]
[BlackElo "2280"]
[PlyCount "51"]
[EventDate "2012.10.19"]
[EventType "swiss"]
[EventRounds "9"]
[EventCountry "RUS"]
[SourceTitle "EXT 2013"]
[Source "ChessBase"]
[SourceDate "2012.11.22"]
[SourceVersion "1"]
[SourceVersionDate "2012.11.22"]
[SourceQuality "1"]

1. e4 c5 2. Nf3 e6 3. d4 cxd4 4. Nxd4 Nc6 5. Nc3 a6 6. Nxc6 bxc6 7. Bd3 d5 8. 0-0 Nf6 9. Re1 Be7 10. e5 Nd7 11. Qg4 Kf8 12. Na4 a5 13. c4 Nb6 14. Nxb6 Qxb6 15. Re3 Bc5 16. Rf3 Bd4 17. Be3 Bxe3 18. fxe3 Qd8 19. Qh5 Ra7 20. Raf1 Kg8 21. Rxf7 Qe8 22. Rxg7+ Kxg7 23. Qg5+ Qg6 24. Bxg6 hxg6 25. Qf6+ Kg8 26. Rf3 1-0

[Event "Voronezh op 06"]
[Site "Voronezh"]
[Date "2012.07.04"]
[Round "8"]
[White "Gritsenko, Vladimir"]
[Black "Klimentov, Roman"]
[Result "1-0"]
[WhiteElo "2268"]
[BlackElo "2274"]
[PlyCount "107"]
[EventDate "2012.06.26"]
[EventType "swiss"]
[EventRounds "9"]
[EventCountry "RUS"]
[SourceTitle "EXT 2013"]
[Source "ChessBase"]
[SourceDate "2012.11.22"]
[SourceVersion "1"]
[SourceVersionDate "2012.11.22"]
[SourceQuality "1"]

1. d4 Nf6 2. c4 g6 3. Nc3 Bg7 4. e4 0-0 5. Nge2 d6 6. f3 e5 7. Bg5 h6 8. Be3 exd4 9. Nxd4 Nc6 10. Be2 Nxd4 11. Bxd4 Nh5 12. g3 Bxd4 13. Qxd4 Ng7 14. 0-0-0 Be6 15. Kb1 a6 16. c5 dxc5 17. Qxc5 Qg5 18. Qxc7 Rfc8 19. Qb6 Rc6 20. Qb4 Qe3 21. Rd3 Qf2 22. Qd4 Qg2 23. Qg1 Qh3 24. Qf1 Qh5 25. Nd5 Bxd5 26. Rxd5 g5 27. h4 Rac8 28. Qd1 Ne6 29. Qd2 Qg6 30. hxg5 hxg5 31. Bd3 Qf6 32. Qe3 Kf8 33. e5 Qg7 34. a3 Ke7 35. Bf5 R8c7 36. Rhd1 Qh6 37. Qd2 Kf8 38. Rd6 Rxd6 39. exd6 Rd7 40. Qc3 Kg8 41. Qc8+ Rd8 42. d7 Qf6 43. Bxe6 fxe6 44. Qxb7 g4 45. f4 Qf5+ 46. Ka2 Qc2 47. Qb3 Qc6 48. f5 Rxd7 49. Rxd7 Qxd7 50. Qxe6+ Qxe6+ 51. fxe6 Kg7 52. Kb3 Kf6 53. Kc4 Kxe6 54. Kd4 1-0